• 首页
  • 本馆介绍
  • 公告通知
  • 最新文献
  • 馆藏检索
  • 电子资源
  • 读者导购
  • 参考咨询
  • 我的图书馆
  • 登录
  • 详细信息显示
  • 放入我的书架
  • 预约/预借图书
  • 作者相关作品
  • 分类相关作品
  • 丛书相关作品
  • 出版社相关作品

书目信息

  • 表格格式
  • 工作单格式
  • 卡片格式
题名:
当代艺术教育的趋势与发展
    
 
作者: 胡泊 著
分册:  
出版信息: 北京   人民出版社  2020.12
页数: 207页
开本: 24cm
丛书名:
单 册:
中图分类: J124
科图分类:
主题词: 艺术教育--发展--研究--中国
电子资源:
ISBN: 978-7-01-021667-6
000 01392nam0 2200253 45
001 012001000582
005 20130909100419.0
010    @a978-7-01-021667-6@dCNY59.00
100    @a20210128d2020 em y0chiy0110 ea
101 0  @achi
102    @aCN@b110000
105    @aa z 000yy
106    @ar
200 1  @a当代艺术教育的趋势与发展@Adang dai yi shu jiao yu de qu shi yu fa zhan@dThe trend of development of contemporary art education@e基于美国2014年《国家核心艺术标准》研究@f胡泊著@zeng
210    @a北京@c人民出版社@d2020.12
215    @a207页@c图@d24cm
300    @a并列题名:Trend of development of contemporary art education
330    @a本书围绕美国2014年《国家核心艺术标准》(以下简称“2014《标准》”),以《国家视觉艺术标准》为案例,从理论到案例进行逐层阐释与分析。主要分为六个章节,第一章对美国基于标准的课程改革大背景和2014《标准》制定背景做了简要介绍;第二章对2014《标准》整体框架与教育理念进行总述;第三章、第四章分别对2014《标准》的课程设计理念——“重理解的教学设计”和“逆向设计法”进行理论与实践的研究;第五章对2014《标准》之一的《国家视觉艺术标准》内容和特征以及教学实践进行分析与阐释;第六章对我国的艺术教育课程改革提出了参考性建议。
510 1  @aTrend of development of contemporary art education@zeng
606 0  @a艺术教育@x发展@x研究@y中国
690    @aJ124@v5
701  0 @a胡泊@Ahu po@4著
801    @aCN@b江苏凤凰@c20211018
905    @b1340216-9@dJ124@e169@f4
    
    当代艺术教育的趋势与发展=The trend of development of contemporary art education:基于美国2014年《国家核心艺术标准》研究/胡泊著.-北京:人民出版社,2020.12
    207页:图;24cm
    并列题名:Trend of development of contemporary art education
    
    ISBN 978-7-01-021667-6:CNY59.00
    本书围绕美国2014年《国家核心艺术标准》(以下简称“2014《标准》”),以《国家视觉艺术标准》为案例,从理论到案例进行逐层阐释与分析。主要分为六个章节,第一章对美国基于标准的课程改革大背景和2014《标准》制定背景做了简要介绍;第二章对2014《标准》整体框架与教育理念进行总述;第三章、第四章分别对2014《标准》的课程设计理念——“重理解的教学设计”和“逆向设计法”进行理论与实践的研究;第五章对2014《标准》之一的《国家视觉艺术标准》内容和特征以及教学实践进行分析与阐释;第六章对我国的艺术教育课程改革提出了参考性建议。
●
相关链接 在E读中查询图书 在五车中查询图书 在当当中查询图书 在豆瓣中查询图书


正题名:当代艺术教育的趋势与发展     索取号:J124/169         预约/预借

序号 登录号 条形码 馆藏地/架位号 状态 备注
1 1340216   213402165   第一样本阅览室/ [索取号:J124/169] 在馆    
2 1340217   213402174   第一借阅区/ [索取号:J124/169] 在馆    
3 1340218   213402183   第一借阅区/ [索取号:J124/169] 在馆    
4 1340219   213402192   第一借阅区/ [索取号:J124/169] 在馆    
唐山师范学院图书馆 欢迎您!
大连网信软件有限公司© 版权所有